000
00248nam a2200109Ia 4500
008
190216s9999||||xx |||||||||||||| ||und||
100
_a
Sen S N
245
0
_a
Introduction To Civics
260
_b
Book Land Pvt Ltd
650
_a
Economics
942
_c
BK
999
_c
9079
_d
9079